Piṅgalāra prema / (Record no. 82861)

MARC details
000 -LEADER
fixed length control field 00496cam a2200193 a 4500
001 - CONTROL NUMBER
control field sa 68009308
003 - CONTROL NUMBER IDENTIFIER
control field DLC
005 - DATE AND TIME OF LATEST TRANSACTION
control field 20260227112542.0
008 - FIXED-LENGTH DATA ELEMENTS--GENERAL INFORMATION
fixed length control field 980205s1957 ii 000 0 ben
010 ## - LIBRARY OF CONGRESS CONTROL NUMBER
LC control number sa 68009308
040 ## - CATALOGING SOURCE
Original cataloging agency DLC
Transcribing agency DLC
050 00 - LIBRARY OF CONGRESS CALL NUMBER
Classification number PK1718.K3
Item number P54
100 1# - MAIN ENTRY--PERSONAL NAME
Personal name Kara, Bimala,
Dates associated with a name 1921-2003.
245 10 - TITLE STATEMENT
Title Piṅgalāra prema /
Statement of responsibility, etc. Bimala Kara.
260 ## - PUBLICATION, DISTRIBUTION, ETC.
Place of publication, distribution, etc. Kalakātā :
Name of publisher, distributor, etc. Ābhenira,
Date of publication, distribution, etc. 1957.
300 ## - PHYSICAL DESCRIPTION
Extent 158 p. ;
Dimensions 19 cm.
546 ## - LANGUAGE NOTE
Language note In Bengali.
500 ## - GENERAL NOTE
General note Short stories.

No items available.

Powered by Koha